Evaluación de los alumnos de la escuela primaria / (Record no. 20555)
[ view plain ]
| 000 -LEADER | |
|---|---|
| campo de control de longitud fija | 00641nam a2200193 i 4500 |
| 001 - NÚMERO DE CONTROL | |
| campo de control | 20555 |
| 003 - IDENTIFICADOR DE NÚMERO DE CONTROL | |
| campo de control | ES-MaACL |
| 005 - FECHA Y HORA DE LA ÚLTIMA TRANSACCIÓN | |
| campo de control | 20230906152326.0 |
| 007 - CAMPO FIJO DE DESCRIPCIÓN FÍSICA--INFORMACIÓN GENERAL | |
| campo de control de longitud fija | t| |
| 008 - DATOS DE LONGITUD FIJA--INFORMACIÓN GENERAL | |
| campo de control de longitud fija | 021114s1969 sp ||||1| spa d |
| 100 1# - ENTRADA PRINCIPAL--NOMBRE DE PERSONA | |
| Nombre de persona | Ahmann, J. Stanley. |
| 9 (RLIN) | 18942 |
| 245 10 - MENCIÓN DEL TÍTULO | |
| Título | Evaluación de los alumnos de la escuela primaria / |
| Mención de responsabilidad, etc. | J. Stanley Ahmann, Marvin D. Glock y Helen L. Wardeberg ; versión de César Maillo. |
| 260 ## - PUBLICACIÓN, DISTRIBUCIÓN, ETC. | |
| Lugar de publicación, distribución, etc. | [Madrid] : |
| Nombre del editor, distribuidor, etc. | Aguilar, |
| Fecha de publicación, distribución, etc. | [1969] |
| 300 ## - DESCRIPCIÓN FÍSICA | |
| Extensión | XV, 491 p. ; |
| Dimensiones | 22 cm. |
| 700 1# - ENTRADA AGREGADA--NOMBRE PERSONAL | |
| Nombre de persona | Glock, Marvin D. |
| 9 (RLIN) | 57444 |
| 700 1# - ENTRADA AGREGADA--NOMBRE PERSONAL | |
| Nombre de persona | Wardeberg, Helen L. |
| 9 (RLIN) | 116088 |
| 700 1# - ENTRADA AGREGADA--NOMBRE PERSONAL | |
| Nombre de persona | Maillo, César. |
| 9 (RLIN) | 75585 |
| 852 ## - LOCALIZACIÓN | |
| Ubicación | ES-MaACL |
| Número de control de estantería | C-47817 |
| Sublocalización o colección | R.72731 |
| Estatus retirado | Estado de pérdida | Estado de daño | No para préstamo | Biblioteca de origen | Biblioteca actual | Ubicación en estantería | Fecha de adquisición | Fuente de adquisición | Total de préstamos | Signatura topográfica completa | Código de barras | Visto por última vez | Precio de reemplazo | Tipo de ítem Koha |
|---|---|---|---|---|---|---|---|---|---|---|---|---|---|---|
| Biblioteca del Ateneo de Madrid | Biblioteca del Ateneo de Madrid | Depósito 2 | 17/01/2008 | C-47817 | 1021105 | 23/02/2023 | 23/02/2023 | Libro impreso |
